<?xml version="1.0" encoding="UTF-8"?>
<record
    xmlns:xsi="http://www.w3.org/2001/XMLSchema-instance"
    xsi:schemaLocation="http://www.loc.gov/MARC21/slim http://www.loc.gov/standards/marcxml/schema/MARC21slim.xsd"
    xmlns="http://www.loc.gov/MARC21/slim">

  <leader>04198cam a2200469Li 4500</leader>
  <controlfield tag="001">45728948 </controlfield>
  <controlfield tag="003">OCoLC</controlfield>
  <controlfield tag="005">20250129125239.0</controlfield>
  <controlfield tag="006">m     o  d        </controlfield>
  <controlfield tag="007">cr cn|        </controlfield>
  <controlfield tag="008">001009t19941994caua    ob    001 0 eng d</controlfield>
  <datafield tag="020" ind1=" " ind2=" ">
    <subfield code="z">0787902802</subfield>
  </datafield>
  <datafield tag="035" ind1=" " ind2=" ">
    <subfield code="a">(OCoLC)45728948</subfield>
  </datafield>
  <datafield tag="040" ind1=" " ind2=" ">
    <subfield code="a">N$T</subfield>
    <subfield code="b">eng</subfield>
    <subfield code="e">rda</subfield>
    <subfield code="c">N$T</subfield>
    <subfield code="d">OCL</subfield>
    <subfield code="d">OCLCQ</subfield>
    <subfield code="d">YDXCP</subfield>
    <subfield code="d">OCLCG</subfield>
    <subfield code="d">OCLCQ</subfield>
    <subfield code="d">EXW</subfield>
    <subfield code="d">OCLCQ</subfield>
    <subfield code="d">TUU</subfield>
    <subfield code="d">OCLCQ</subfield>
    <subfield code="d">TNF</subfield>
    <subfield code="d">TLS</subfield>
    <subfield code="d">NEG</subfield>
    <subfield code="d">OCLCO</subfield>
  </datafield>
  <datafield tag="072" ind1=" " ind2="7">
    <subfield code="a">SOC</subfield>
    <subfield code="x">026010</subfield>
    <subfield code="2">bisacsh</subfield>
  </datafield>
  <datafield tag="082" ind1="0" ind2="4">
    <subfield code="a">306.81</subfield>
    <subfield code="b">MAR 1</subfield>
  </datafield>
  <datafield tag="100" ind1="1" ind2=" ">
    <subfield code="a">Markman, Howard,</subfield>
    <subfield code="d">1950-</subfield>
    <subfield code="0">http://id.loc.gov/authorities/names/n93045054</subfield>
  </datafield>
  <datafield tag="245" ind1="1" ind2="0">
    <subfield code="a">Fighting for your marriage :</subfield>
    <subfield code="b">positive steps for preventing divorce and preserving a lasting love /</subfield>
    <subfield code="c">Howard Markman, Scott Stanley, Susan L. Blumberg ; with a foreword by Dean S. Edell.</subfield>
  </datafield>
  <datafield tag="250" ind1=" " ind2=" ">
    <subfield code="a">1st ed</subfield>
  </datafield>
  <datafield tag="250" ind1=" " ind2=" ">
    <subfield code="a">1st ed</subfield>
  </datafield>
  <datafield tag="264" ind1=" " ind2="1">
    <subfield code="a">San Francisco :</subfield>
    <subfield code="b">Jossey-Bass,</subfield>
    <subfield code="c">[1994]</subfield>
  </datafield>
  <datafield tag="264" ind1=" " ind2="4">
    <subfield code="c">&#xA9;1994</subfield>
  </datafield>
  <datafield tag="300" ind1=" " ind2=" ">
    <subfield code="a">(xv, 331 pages) :</subfield>
    <subfield code="b">illustrations</subfield>
  </datafield>
  <datafield tag="336" ind1=" " ind2=" ">
    <subfield code="a">text</subfield>
    <subfield code="b">txt</subfield>
    <subfield code="2">rdacontent</subfield>
  </datafield>
  <datafield tag="337" ind1=" " ind2=" ">
    <subfield code="a">computer</subfield>
    <subfield code="b">c</subfield>
    <subfield code="2">rdamedia</subfield>
  </datafield>
  <datafield tag="338" ind1=" " ind2=" ">
    <subfield code="a">online resource</subfield>
    <subfield code="b">cr</subfield>
    <subfield code="2">rdacarrier</subfield>
  </datafield>
  <datafield tag="340" ind1=" " ind2=" ">
    <subfield code="g">polychrome</subfield>
    <subfield code="2">rdacc</subfield>
    <subfield code="0">http://rdaregistry.info/termList/RDAColourContent/1003</subfield>
  </datafield>
  <datafield tag="504" ind1=" " ind2=" ">
    <subfield code="a">Includes bibliographical references (pages 321-324) and index</subfield>
  </datafield>
  <datafield tag="506" ind1=" " ind2=" ">
    <subfield code="a">Available to OhioLINK libraries</subfield>
  </datafield>
  <datafield tag="520" ind1="1" ind2=" ">
    <subfield code="a">"All you need is love, right? Wrong. The authors of Fighting for Your Marriage contend that conflict in intimate relationships is as normal and essential as love. How you fight and resolve conflicts determines the difference between a sustained healthy and satisfying marriage or endless pain, frustration, and often divorce. At a time when families are falling apart at alarming rates and with enormous social cost, we now have a research-based program to prevent relationship breakdown." "With a fresh and unique perspective, the authors combine their twenty years of university-based research and counseling experiences with thousands of couples - from newly engaged to veteran - to present the powerful, proven strategies of the highly acclaimed PREP (Prevention and Relationship Enhancement Program) approach for helping couples beat the odds and master the skills that can prevent marital distress and divorce. They reveal, for example, research that highlights the major difference between men and women in relationships - it's the way they fight - and how shared commitment is essential for fair fighting between partners." "At the end of each chapter, the authors provide engaging exercises for practicing sensible new tactics for dealing with minor irritations or tough and sensitive issues. Step by step, they describe how to establish ground rules that provide the safety and structure needed to handle issues well." "The authors offer wisdom, real-life examples, and specific guidance on how couples can enhance, fortify, or restore their fun, friendship, sensuality, and spirituality for a meaningful lifetime together."--BOOK JACKET</subfield>
  </datafield>
  <datafield tag="650" ind1=" " ind2="0">
    <subfield code="a">Marriage.</subfield>
    <subfield code="0">http://id.loc.gov/authorities/subjects/sh85081416</subfield>
  </datafield>
  <datafield tag="650" ind1=" " ind2="0">
    <subfield code="a">Interpersonal relations.</subfield>
    <subfield code="0">http://id.loc.gov/authorities/subjects/sh85067484</subfield>
  </datafield>
  <datafield tag="650" ind1=" " ind2="0">
    <subfield code="a">Interpersonal communication.</subfield>
    <subfield code="0">http://id.loc.gov/authorities/subjects/sh85067481</subfield>
  </datafield>
  <datafield tag="655" ind1=" " ind2="4">
    <subfield code="a">Electronic books.</subfield>
  </datafield>
  <datafield tag="700" ind1="1" ind2=" ">
    <subfield code="a">Stanley, Scott,</subfield>
    <subfield code="d">1955-</subfield>
    <subfield code="0">http://id.loc.gov/authorities/names/n94021421</subfield>
  </datafield>
  <datafield tag="700" ind1="1" ind2=" ">
    <subfield code="a">Blumberg, Susan L.,</subfield>
    <subfield code="d">1959-</subfield>
    <subfield code="0">http://id.loc.gov/authorities/names/n94021422</subfield>
  </datafield>
  <datafield tag="710" ind1="2" ind2=" ">
    <subfield code="a">Ohio Library and Information Network.</subfield>
    <subfield code="0">http://id.loc.gov/authorities/names/no95058981</subfield>
  </datafield>
  <datafield tag="776" ind1="0" ind2="8">
    <subfield code="i">Print version:</subfield>
    <subfield code="a">Markman, Howard, 1950-</subfield>
    <subfield code="t">Fighting for your marriage.</subfield>
    <subfield code="b">1st ed.</subfield>
    <subfield code="d">San Francisco : Jossey-Bass, c1994</subfield>
    <subfield code="z">0787902802</subfield>
    <subfield code="w">(DLC)   94009277</subfield>
    <subfield code="w">(OCoLC)30027331</subfield>
  </datafield>
  <datafield tag="856" ind1="4" ind2="0">
    <subfield code="3">EBSCOhost (OhioLINK access limited to 1 user at a time. Try again later if not working.)</subfield>
    <subfield code="u">http://search.ebscohost.com/login.aspx?direct=true&amp;scope=site&amp;db=nlebk&amp;db=nlabk&amp;AN=26055</subfield>
    <subfield code="z">Connect to resource</subfield>
  </datafield>
  <datafield tag="856" ind1="4" ind2="0">
    <subfield code="3">EBSCOhost (OhioLINK access limited to 1 user at a time. Try again later if not working.)</subfield>
    <subfield code="u">https://go.ohiolink.edu/goto?url=http://search.ebscohost.com/login.aspx?direct=true&amp;scope=site&amp;db=nlebk&amp;db=nlabk&amp;AN=26055</subfield>
    <subfield code="z">Connect to resource (off-campus)</subfield>
  </datafield>
  <datafield tag="942" ind1=" " ind2=" ">
    <subfield code="2">ddc</subfield>
    <subfield code="c">BK</subfield>
    <subfield code="n">0</subfield>
  </datafield>
  <datafield tag="999" ind1=" " ind2=" ">
    <subfield code="c">10596</subfield>
    <subfield code="d">10596</subfield>
  </datafield>
  <datafield tag="952" ind1=" " ind2=" ">
    <subfield code="0">0</subfield>
    <subfield code="1">0</subfield>
    <subfield code="2">ddc</subfield>
    <subfield code="4">0</subfield>
    <subfield code="7">0</subfield>
    <subfield code="a">GBC</subfield>
    <subfield code="b">GBC</subfield>
    <subfield code="c">GS</subfield>
    <subfield code="d">2025-01-29</subfield>
    <subfield code="l">1</subfield>
    <subfield code="m">1</subfield>
    <subfield code="o">306.81 MAR</subfield>
    <subfield code="p">020969</subfield>
    <subfield code="r">2025-10-03 11:57:30</subfield>
    <subfield code="s">2025-09-23</subfield>
    <subfield code="t">c.1</subfield>
    <subfield code="w">2025-01-29</subfield>
    <subfield code="y">BK</subfield>
  </datafield>
</record>
